| 000 | 01538cab a2200217 4500 | ||
|---|---|---|---|
| 001 | L130408 | ||
| 008 | 050725n2005 000 0 eng u | ||
| 035 | _a(Sirsi) u130408 | ||
| 041 | _aeng | ||
| 100 | _aSeppala, Christopher R. | ||
| 245 | _aContractor's claims under the FIDIC contracts for major works | ||
| 260 | _c2005 | ||
| 490 |
_aConstruction Law Journal _v21(4) 2005, 278-290(13) |
||
| 520 | _aDiscusses how the FIDIC Conditions of Contract 1999 Edition make provision for special contingencies such as events outside of the contractor's control. Looks at individual clauses and what the contractor's entitlements are, how the clauses operate. Continues with a discussion of claims under the governing law, the procedure the contractor must follow, the determination of claims by the engineer and the payment of claims. Concludes that each edition of the FIDIC contracts deals with claims and claims procedures more explicitly and in greater detail and this development needs to continue. | ||
| 590 | _aIKA160805 | ||
| 650 | _aFIDIC CONDITIONS OF CONTRACT FOR CONSTRUCTION FOR BUILDING AND ENGINEERING WORKS DESIGNED BY THE EMPLOYER (1999 EDITION) | ||
| 650 | _aFIDIC CONDITIONS OF CONTRACT FOR PLANT AND DESIGN-BUILD FOR ELECTRICAL AND MECHANICAL PLANT AND FOR BUILDING AND ENGINEERING WORKS DESIGNED BY THE CONTRACTOR 1999 EDITION | ||
| 650 | _aFIDIC CONDITIONS OF CONTRACT FOR EPC/TURNKEY PROJECTS 1999 EDITION | ||
| 690 | _aBUILT ENVIRONMENT-CONSTRUCTION MANAGEMENT-BUILDING CONTRACT ADMINISTRATION | ||
| 942 | _n0 | ||
| 999 |
_c75606 _d75606 |
||